| 000 | 00371nam a2200145Ia 4500 | ||
|---|---|---|---|
| 008 | 240624s9999 xx 000 0 und d | ||
| 041 | _aeng | ||
| 082 | _a330.9172 AGE | ||
| 100 | _aAGENOR PIERRE RICHARD | ||
| 245 | _aDEVELOPMENT MACROECONOMICS | ||
| 250 | _a(3rd ed.) | ||
| 260 |
_c2008 _aNew Jersey _bPrinceton University Press |
||
| 300 | _a810 : p. | ||
| 365 |
_c _b27 |
||
| 999 |
_c18169 _d18169 |
||